Polish-Slovak transboundary cooperation
Spolupráca medzi Poľskom a Slovenskom v oblasti ochrany životného prostredia, cestovného ruchu a dopravy.
Salvato in:
| Autore principale: | |
|---|---|
| Natura: | Capitolo di libro |
| Lingua: | inglese |
| Soggetti: | |
| Tags: |
Nessun Tag, puoi essere il primo ad aggiungerne!!
|
MARC
| LEADER | 00000naa a2200000 4500 | ||
|---|---|---|---|
| 001 | r047065 | ||
| 005 | 20230929084809.6 | ||
| 041 | 0 | |a eng | |
| 044 | |a SK | ||
| 245 | 1 | 0 | |a Polish-Slovak transboundary cooperation |c Marek Wieckowski |
| 520 | |a Spolupráca medzi Poľskom a Slovenskom v oblasti ochrany životného prostredia, cestovného ruchu a dopravy. | ||
| 610 | 2 | 0 | |a spolupráca cezhraničná |
| 610 | 2 | 0 | |a ochrana prostredia životného |
| 610 | 2 | 0 | |a ruch cestovný |
| 610 | 2 | 0 | |a doprava |
| 610 | 2 | 0 | |a Poľsko |
| 610 | 2 | 0 | |a Slovensko |
| 100 | 1 | |a Więckowski, Marek | |